| 000 | 04249cam a2200601 4500500 | ||
|---|---|---|---|
| 005 | 20260111082234.0 | ||
| 041 | _afre | ||
| 042 | _adc | ||
| 100 | 1 | 0 |
_aDoussan, Isabelle _eauthor |
| 700 | 1 | 0 |
_aSteichen, Pascale _eauthor |
| 700 | 1 | 0 |
_aBardy, Jennifer _eauthor |
| 700 | 1 | 0 |
_aBorderon-Carrez, Séverine _eauthor |
| 700 | 1 | 0 |
_aGiorgini, Giulio Cesare _eauthor |
| 700 | 1 | 0 |
_aIlcheva, Ana-Maria _eauthor |
| 700 | 1 | 0 |
_aIlchev, Konstantin _eauthor |
| 700 | 1 | 0 |
_aLagelle, Anaïs _eauthor |
| 700 | 1 | 0 |
_aLeray, Grégoire _eauthor |
| 700 | 1 | 0 |
_aMothere, Lucrezia _eauthor |
| 700 | 1 | 0 |
_aMekki, Mustapha _eauthor |
| 700 | 1 | 0 |
_aParachkevova-Racine, Irina _eauthor |
| 700 | 1 | 0 |
_aReis, Patrice _eauthor |
| 700 | 1 | 0 |
_aRonet-Yague, Delphine _eauthor |
| 700 | 1 | 0 |
_aVanuls, Caroline _eauthor |
| 700 | 1 | 0 |
_aVanuxem, Sarah _eauthor |
| 700 | 1 | 0 |
_aBen Youssef, Adel _eauthor |
| 245 | 0 | 0 | _aDroit privé et droit économique de l’environnement |
| 260 | _c2020. | ||
| 500 | _a17 | ||
| 520 | _aL’actualité de ces dix-huit derniers mois montre tout l’intérêt d’une veille dans les matières qui composent cette rubrique. Si le jeune Code de la commande publique n’est pas encore à la hauteur des attentes en matière de développement durable, le droit de la concurrence lui évolue vers plus de fermeté pour sanctionner les pratiques anticoncurrentielles qui portent atteinte à l’environnement. Les enjeux sociaux et environnementaux pénètrent le droit des sociétés en attendant la concrétisation des données comptables de la RSE. En droit social, le préjudice d’anxiété s’ouvre davantage aux victimes dans les affaires d’amiante. En revanche, les personnes électrosensibles peinent à faire reconnaître les risques pour leur santé. Le droit des entreprises en difficulté s’adapte progressivement aux obligations environnementales tandis que le voile de la société mère se déchire sous la poussée de l’obligation de vigilance. Face à ces avancées, le diagnostic de performance énergétique ne révèle pas tout son potentiel et le droit des troubles anormaux de voisinage continue ses atermoiements. Enfin, des développements sur le climat rendent compte des nouveaux enjeux économiques. | ||
| 520 | _aThe news of these last eighteen months shows the interest of a watch in the subjects that make up this section. Although the young Public Procurement Code is not yet up to the expectations in terms of sustainable development, competition law is moving towards a firmer stance to punish anti-competitive practices that harm the environment. Social and environmental issues are penetrating corporate law pending the concretisation of CSR accounting data. In social law, the prejudice of anxiety is more open to victims in asbestos cases. On the other hand, electrosensitive people are struggling to have the risks to their health recognised. The law on companies in difficulty is gradually adapting to environmental obligations, while the veil of the parent company is being torn by the obligation of vigilance. Faced with these advances, the energy performance diagnosis does not reveal its full potential and the law on abnormal neighbourhood disturbances continues to procrastinate. Finally, developments on climate change reflect the new economic stakes. | ||
| 690 | _acommerce international | ||
| 690 | _adroit de la concurrence | ||
| 690 | _adroit des biens | ||
| 690 | _adroit des contrats | ||
| 690 | _adroit des sociétés | ||
| 690 | _adroit du travail | ||
| 690 | _adroit économique | ||
| 690 | _afinancements publics | ||
| 690 | _amarchés publics | ||
| 690 | _aresponsabilité civile | ||
| 690 | _aresponsabilité sociale des entreprises | ||
| 690 | _acompetition law | ||
| 690 | _acorporate law | ||
| 690 | _acorporate social responsibility | ||
| 690 | _aeconomic right | ||
| 690 | _ainternational business | ||
| 690 | _alabour law | ||
| 690 | _aproperty law | ||
| 690 | _apublic finances | ||
| 690 | _apublic market | ||
| 786 | 0 | _nRevue juridique de l’environnement | Volume 45 | 2 | 2020-06-26 | p. 359-379 | 0397-0299 | |
| 856 | 4 | 1 | _uhttps://droit.cairn.info/revue-juridique-de-l-environnement-2020-2-page-359?lang=fr&redirect-ssocas=7080 |
| 999 |
_c1617143 _d1617143 |
||